[Event "Open Alimini A"]
[Site "Otranto ITA"]
[Date "2011.05.21"]
[Round "1"]
[White "Adrian, Claude"]
[Black "Ambrosanio, Raffaele"]
[WhiteElo "2267"]
[BlackElo "1956"]
[Result "1-0"]
[PlyCount "87"]
[EventDate "2011.05.21"]

1. Nf3 Nf6 2. c4 g6 3. g3 Bg7 4. Bg2 c5 5. O-O O-O 6. d4 cxd4 7. Nxd4 Nc6 8.
Nc2 Qa5 9. Bd2 Qc7 10. Nc3 d6 11. Rc1 Bd7 12. Ne3 Rac8 13. Ncd5 Qd8 14. Bc3 e5
15. Qd2 Ne8 16. f4 f5 17. Nc2 Be6 18. Rfd1 Bh6 19. e3 Rf7 20. b4 Rd7 21. Qe2
Bg7 22. Kh1 Ne7 23. Na3 Nxd5 24. cxd5 Bf7 25. Qb2 Qb6 26. fxe5 dxe5 27. Bxe5
Rxc1 28. Rxc1 Qxe3 29. Bxg7 Nxg7 30. Nc4 Qe8 31. Qd2 Qd8 32. Rd1 Qc7 33. Qd4
Ne8 34. Ne5 Rd6 35. Qxa7 Ra6 36. Qd4 Nd6 37. Qd2 Be8 38. Rc1 Qe7 39. Qb2 Qg5
40. Nf3 Qe3 41. Re1 Qa7 42. Ng5 Rxa2 43. Qf6 Bf7 44. Nxf7 1-0

[Event "Open Alimini A"]
[Site "Otranto ITA"]
[Date "2011.05.21"]
[Round "1"]
[White "Antkowiak, Grzegorz"]
[Black "Messina, Roberta"]
[WhiteElo "2211"]
[BlackElo "1897"]
[Result "1-0"]
[PlyCount "105"]
[EventDate "2011.05.21"]

1. e4 c5 2. c3 d5 3. exd5 Qxd5 4. d4 Nc6 5. Nf3 Bg4 6. Be2 cxd4 7. cxd4 e6 8.
Nc3 Qa5 9. d5 Rd8 10. h3 Bh5 11. g4 Bg6 12. Qb3 Nb4 13. O-O Bc2 14. Qc4 exd5
15. Qb5+ Qxb5 16. Bxb5+ Nc6 17. Nd4 Be4 18. Nxc6 bxc6 19. Bxc6+ Ke7 20. Nxe4
dxe4 21. Re1 Nf6 22. Bxe4 Nxe4 23. Rxe4+ Kd7 24. Be3 Bd6 25. Bxa7 Ra8 26. Bd4
f6 27. a3 Rhb8 28. Rd1 Ra4 29. Re2 Rb5 30. Kg2 h5 31. f3 hxg4 32. fxg4 Ra6 33.
Rd3 Rd5 34. Red2 Ke6 35. b4 Kf7 36. Be3 Rxd3 37. Rxd3 Be7 38. b5 Rxa3 39. Rxa3
Bxa3 40. b6 Bd6 41. b7 Bb8 42. Bf2 f5 43. gxf5 Kf6 44. Bg3 Ba7 45. b8=Q Bxb8
46. Bxb8 Kxf5 47. Kf3 Kg5 48. Bg3 Kh5 49. Kf4 Kh6 50. Kg4 Kg6 51. Bf4 Kf6 52.
Kh5 Kf5 53. Bg5 1-0

[Event "Open Alimini A"]
[Site "Otranto ITA"]
[Date "2011.05.21"]
[Round "1"]
[White "Bonanno, Alessandro"]
[Black "Naumkin, Igor"]
[WhiteElo "2142"]
[BlackElo "2506"]
[Result "0-1"]
[PlyCount "84"]
[EventDate "2011.05.21"]

1. e4 e5 2. Nf3 Nc6 3. Nc3 Nf6 4. a3 d6 5. d4 exd4 6. Nxd4 Be7 7. Be2 O-O 8.
O-O Re8 9. f4 Bf8 10. Bf3 Bd7 11. Qd3 g6 12. e5 dxe5 13. Nxc6 Bxc6 14. Qxd8
Raxd8 15. Bxc6 bxc6 16. fxe5 Ng4 17. Bg5 Rb8 18. Ne4 Rxe5 19. Rae1 Rxg5 20.
Nxg5 Bc5+ 21. Kh1 Nf2+ 22. Rxf2 Bxf2 23. Rb1 Re8 24. b3 Re2 25. c4 a5 26. a4 h6
27. Nf3 g5 28. g4 Bc5 29. h3 Re3 30. Kg2 Kg7 31. Rf1 f5 32. gxf5 Kf6 33. Rb1
Re2+ 34. Kh1 Kxf5 35. Rf1 Ke4 36. Ne1 Re3 37. Kg2 Rxb3 38. Rf6 Rb2+ 39. Kg3 h5
40. Re6+ Kf5 41. Nd3 Kxe6 42. Nxb2 Ke5 0-1

[Event "Open Alimini A"]
[Site "Otranto ITA"]
[Date "2011.05.21"]
[Round "1"]
[White "Casadei, Mauro"]
[Black "Conquest, Stuart C."]
[WhiteElo "2174"]
[BlackElo "2532"]
[Result "0-1"]
[PlyCount "41"]
[EventDate "2011.05.21"]

1. c4 e6 2. g3 d5 3. Bg2 g6 4. Nf3 Bg7 5. O-O Ne7 6. Na3 Nbc6 7. Rb1 a5 8. Nc2
dxc4 9. Ne3 b5 10. a4 Ba6 11. axb5 Bxb5 12. Ra1 O-O 13. Nc2 Rb8 14. Na3 Ba6 15.
Qc2 Qd5 16. Ne1 Qd7 17. Nf3 Rb4 18. Rb1 Rfb8 19. Re1 Nf5 20. Qe4 c3 21. Bf1 0-1

[Event "Open Alimini A"]
[Site "Otranto ITA"]
[Date "2011.05.21"]
[Round "1"]
[White "Du Plessis, Heinco"]
[Black "Laketic, Gojko"]
[WhiteElo "2120"]
[BlackElo "2442"]
[Result "0-1"]
[PlyCount "99"]
[EventDate "2011.05.21"]

1. e4 Nf6 2. e5 Nd5 3. c4 Nb6 4. c5 Nd5 5. Nc3 Nxc3 6. bxc3 d6 7. cxd6 cxd6 8.
Bc4 dxe5 9. Nf3 Qc7 10. Qe2 Nc6 11. O-O e6 12. Bb5 Bd6 13. Re1 Bd7 14. Bxc6
Bxc6 15. Nxe5 Bxe5 16. Qxe5 Qxe5 17. Rxe5 O-O-O 18. f3 Rd6 19. d4 Bd5 20. a4
Rc6 21. Re3 a5 22. Bd2 b6 23. Ree1 Rc4 24. Ra3 Kb7 25. Rb1 Ka6 26. Kf2 Bc6 27.
Rba1 Rc8 28. Ke3 f6 29. Be1 e5 30. Kd3 Be8 31. Bf2 g5 32. Re1 Bg6+ 33. Kd2 Rd8
34. Kc1 exd4 35. Re6 Rdc8 36. Rxf6 Rxc3+ 37. Rxc3 Rxc3+ 38. Kd1 Rc4 39. Rd6
Rxa4 40. Bxd4 Rb4 41. Kd2 a4 42. Rd5 a3 43. Bc3 Rb2+ 44. Ke3 Rxg2 45. Rd6 Rxh2
46. Bf6 Rg2 47. Bd4 Rb2 48. Rd5 Rb3+ 49. Kf2 Rd3 50. Ke1 0-1

[Event "Open Alimini A"]
[Site "Otranto ITA"]
[Date "2011.05.21"]
[Round "1"]
[White "Glek, Igor V."]
[Black "Coimbra, Margarida"]
[WhiteElo "2424"]
[BlackElo "2110"]
[Result "1-0"]
[PlyCount "57"]
[EventDate "2011.05.21"]

1. e4 e5 2. Nf3 Nc6 3. Nc3 Nf6 4. g3 d5 5. exd5 Nxd5 6. Bg2 Nxc3 7. bxc3 Bc5 8.
O-O O-O 9. d3 Bb6 10. Re1 h6 11. Nxe5 Nxe5 12. Rxe5 Qf6 13. d4 c5 14. Be3 Rd8
15. Qf3 Qxf3 16. Bxf3 cxd4 17. cxd4 f6 18. Rd5 Be6 19. Rxd8+ Rxd8 20. d5 Bxe3
21. dxe6 Bc5 22. Bxb7 Rd2 23. c4 Rxf2 24. Kh1 Kf8 25. Rd1 Rxa2 26. Rd8+ Ke7 27.
Rd7+ Kxe6 28. Bc8 Ra1+ 29. Rd1+ 1-0

[Event "Open Alimini A"]
[Site "Otranto ITA"]
[Date "2011.05.21"]
[Round "1"]
[White "Korneev, Oleg"]
[Black "Altini, Nicola"]
[WhiteElo "2573"]
[BlackElo "2206"]
[Result "1-0"]
[PlyCount "151"]
[EventDate "2011.05.21"]

1. e4 c5 2. Nf3 Nc6 3. d4 cxd4 4. Nxd4 g6 5. c4 Nf6 6. Nc3 Nxd4 7. Qxd4 d6 8.
Be2 Bg7 9. Be3 O-O 10. Qd2 a5 11. O-O a4 12. Rad1 Qa5 13. f3 Be6 14. Nb5 Qxd2
15. Rxd2 Rfc8 16. Na7 Re8 17. b4 axb3 18. axb3 Nd7 19. Nb5 Rec8 20. Rb1 f5 21.
Nd4 Bxd4 22. Bxd4 fxe4 23. fxe4 Nc5 24. Bf3 Ra3 25. Bxc5 dxc5 26. e5 Kg7 27.
Bxb7 Rb8 28. Bd5 Bf5 29. Rf1 e6 30. Bf3 Rbxb3 31. Rd7+ Kh6 32. Rc7 Bd3 33. Rd1
Bxc4 34. Rdd7 Rxf3 35. gxf3 Rxf3 36. Rxh7+ Kg5 37. Rxc5 Bd5 38. Ra5 Rf4 39. Ra3
Kf5 40. Rg3 Be4 41. Rf7+ Kxe5 42. Rxf4 Kxf4 43. Kf2 Bf5 44. Rf3+ Kg4 45. Ke3 g5
46. Rg3+ Kh4 47. Kd4 g4 48. Ke5 Kg5 49. Rc3 Kh4 50. Ra3 Kg5 51. Ra8 Kg6 52.
Rg8+ Kf7 53. Rg5 Kf8 54. Kf6 Ke8 55. Rg7 Kf8 56. Re7 Kg8 57. Rc7 Kh8 58. Rg7
Bh7 59. Rxg4 e5 60. Kxe5 Bc2 61. Kf6 Bb1 62. Rb4 Bd3 63. Rb8+ Kh7 64. Rb7+ Kh8
65. Kg5 Bh7 66. Kh6 Bg8 67. Ra7 Bd5 68. Rh7+ Kg8 69. Rd7 Be6 70. Rd8+ Kf7 71.
Rd6 Bf5 72. Rd5 Bc2 73. Rg5 Kf6 74. Rg2 Bd1 75. Rf2+ Ke7 76. h4 1-0

[Event "Open Alimini A"]
[Site "Otranto ITA"]
[Date "2011.05.21"]
[Round "1"]
[White "La Manna, Andrea"]
[Black "Kogan, Artur"]
[WhiteElo "2199"]
[BlackElo "2556"]
[Result "0-1"]
[PlyCount "116"]
[EventDate "2011.05.21"]

1. d4 Nf6 2. c4 e6 3. Nc3 Bb4 4. a3 Bxc3+ 5. bxc3 Nc6 6. f3 b6 7. e4 Ba6 8. Bd3
Na5 9. Qe2 Nb3 10. Rb1 Nxc1 11. Rxc1 Nh5 12. g3 Qe7 13. Nh3 Qxa3 14. O-O Qe7
15. f4 g6 16. e5 Bb7 17. Ng5 a5 18. Be4 Bxe4 19. Nxe4 f5 20. Nf2 O-O 21. Rfd1
Ng7 22. d5 d6 23. Nd3 Rfe8 24. Qf2 Qd8 25. Rb1 Rc8 26. exd6 cxd6 27. Rxb6 Rxc4
28. dxe6 Qc7 29. Ra6 Re4 30. Qb6 Qxc3 31. Qxa5 Qb3 32. Nf2 Re2 33. Raxd6 Qf3
34. Qa7 Nxe6 35. R6d3 Nxf4 36. Qa2+ Rxa2 37. Rxf3 Nh5 38. g4 Ng7 39. gxf5 Nxf5
40. Ng4 Ree2 41. Rf2 h5 42. Rxe2 Rxe2 43. Nf2 Ne3 44. Rb1 Kg7 45. Nd3 Rg2+ 46.
Kh1 Rd2 47. Nf4 Rf2 48. Re1 Ng4 49. Ng2 Rf3 50. h4 Kf6 51. Kg1 Kf5 52. Ra1 Rc3
53. Rf1+ Ke4 54. Rf4+ Ke5 55. Rf1 Rg3 56. Re1+ Kf5 57. Rf1+ Ke4 58. Kh1 Rxg2
0-1

[Event "Open Alimini A"]
[Site "Otranto ITA"]
[Date "2011.05.21"]
[Round "1"]
[White "Lazic, Miroljub"]
[Black "Pizzuto, Samuele Tullio"]
[WhiteElo "2471"]
[BlackElo "2136"]
[Result "1-0"]
[PlyCount "77"]
[EventDate "2011.05.21"]

1. g3 e5 2. c4 Nf6 3. Bg2 d5 4. cxd5 Nxd5 5. Nc3 Nb6 6. d3 Be7 7. Nf3 Nc6 8.
O-O O-O 9. Be3 f6 10. a4 Be6 11. a5 Nd5 12. Nxd5 Bxd5 13. Qa4 Bb4 14. a6 bxa6
15. Rfc1 Qd6 16. Nxe5 Nxe5 17. Bxd5+ Qxd5 18. Qxb4 Rab8 19. Qd4 Qf7 20. Rxa6 c6
21. Rxa7 Qh5 22. Rc2 Rbd8 23. Qh4 Qg6 24. Kg2 Rfe8 25. h3 Qf5 26. Qf4 Qe6 27.
Qa4 h5 28. d4 Nf7 29. Qxc6 Rd6 30. Qb7 h4 31. Rc7 Rf8 32. Re7 Qc4 33. Qf3 Qc2
34. gxh4 f5 35. h5 Rf6 36. Bf4 Qxb2 37. Be5 Rh6 38. Rxf7 Rxf7 39. Qa8+ 1-0

[Event "Open Alimini A"]
[Site "Otranto ITA"]
[Date "2011.05.21"]
[Round "1"]
[White "O'Leary, Matt"]
[Black "Lanzani, Mario"]
[WhiteElo "2007"]
[BlackElo "2373"]
[Result "0-1"]
[PlyCount "58"]
[EventDate "2011.05.21"]

1. d4 Nf6 2. Nf3 g6 3. g3 d5 4. Bg2 Bg7 5. O-O O-O 6. Nbd2 c5 7. dxc5 Na6 8.
Nb3 Ne4 9. c3 Naxc5 10. Be3 b6 11. Bd4 Ba6 12. Ne5 Qd6 13. Nd3 Bxd4 14. Nxd4
Rad8 15. b4 Nxc3 16. Qc2 Nxd3 17. Qxc3 Ne5 18. b5 Bb7 19. Rfc1 Rc8 20. Qb3 Rc4
21. Rxc4 dxc4 22. Qc3 Bxg2 23. Kxg2 Qd5+ 24. Kg1 Rd8 25. e3 h5 26. h4 Qe4 27.
Rc1 Rxd4 28. exd4 Nf3+ 29. Kf1 Nxd4 0-1

[Event "Open Alimini A"]
[Site "Otranto ITA"]
[Date "2011.05.21"]
[Round "1"]
[White "Palmitessa, Chiara"]
[Black "Prakken, Gerrit"]
[WhiteElo "1927"]
[BlackElo "2212"]
[Result "0-1"]
[PlyCount "62"]
[EventDate "2011.05.21"]

1. e4 e5 2. Nf3 Nc6 3. Bc4 Nf6 4. d4 exd4 5. e5 Ne4 6. O-O d5 7. Bb5 Bg4 8. Qd3
Bxf3 9. Qxf3 a6 10. Bxc6+ bxc6 11. Nd2 Nxd2 12. Bxd2 Qd7 13. Qd3 Be7 14. f4 f5
15. exf6 Bxf6 16. Rae1+ Kf7 17. f5 Rae8 18. Qxa6 Re4 19. Rxe4 dxe4 20. Bf4 Re8
21. Qe2 Kg8 22. b3 Qxf5 23. Bxc7 Qd5 24. a4 Re7 25. Qg4 Rf7 26. Bb6 d3 27. Qd1
Bd4+ 28. Bxd4 Qxd4+ 29. Kh1 dxc2 30. Qc1 Rxf1+ 31. Qxf1 Qd1 0-1

[Event "Open Alimini A"]
[Site "Otranto ITA"]
[Date "2011.05.21"]
[Round "1"]
[White "Thorfinnsson, Bjorn"]
[Black "Orsi, Massimiliano"]
[WhiteElo "2415"]
[BlackElo "2037"]
[Result "1-0"]
[PlyCount "45"]
[EventDate "2011.05.21"]

1. c4 e6 2. g3 d5 3. Bg2 Nf6 4. Nf3 c5 5. O-O Nc6 6. d3 Be7 7. Bf4 O-O 8. h3
Nh5 9. Bd2 a6 10. e4 dxc4 11. dxc4 Qc7 12. Nc3 Rd8 13. Qe2 g6 14. Rac1 Bd7 15.
Qe3 Be8 16. g4 Nf6 17. Ne2 e5 18. Nc3 Rd4 19. Nd5 Nxd5 20. cxd5 Rxd2 21. Qxd2
Rd8 22. Qc3 Nb4 23. Qxb4 1-0

[Event "Open Alimini A"]
[Site "Otranto ITA"]
[Date "2011.05.21"]
[Round "1"]
[White "Virzi, Ettore"]
[Black "Sbarra, Marco"]
[WhiteElo "1963"]
[BlackElo "2278"]
[Result "0-1"]
[PlyCount "112"]
[EventDate "2011.05.21"]

1. e4 e5 2. Nf3 Nc6 3. Bb5 a6 4. Ba4 Nf6 5. O-O b5 6. Bb3 Bc5 7. a4 b4 8. c3
bxc3 9. bxc3 d6 10. d4 Ba7 11. dxe5 Nxe5 12. Nxe5 dxe5 13. Qxd8+ Kxd8 14. Bg5
Ke7 15. Nd2 Rb8 16. Rab1 h6 17. Bxf6+ Kxf6 18. Bd5 Bd7 19. a5 Rb5 20. Rxb5 axb5
21. Rb1 c6 22. Bc4 Rd8 23. Be2 Be6 24. Nf1 Bc5 25. Ra1 Ra8 26. h4 g6 27. g3 Bb3
28. Nd2 Ba4 29. Kf1 Be7 30. Nc4 Bd8 31. a6 Rxa6 32. Nb2 Ra7 33. c4 Bb6 34. cxb5
Bxb5 35. Rxa7 Bxa7 36. f3 Bd4 37. Nc4 Ke6 38. g4 Bc5 39. Kg2 f5 40. h5 fxg4 41.
fxg4 gxh5 42. gxh5 Kf6 43. Kf3 Bd4 44. Kg4 Ba6 45. Kh3 Kg5 46. Kg3 Bxc4 47.
Bxc4 Kxh5 48. Be6 Kg5 49. Bd7 c5 50. Bb5 h5 51. Bf1 h4+ 52. Kf3 Bg1 53. Kg2 Be3
54. Kf3 Bf4 55. Bh3 c4 56. Ke2 c3 0-1

[Event "Open Alimini A"]
[Site "Otranto ITA"]
[Date "2011.05.21"]
[Round "1"]
[White "Zielinski, Werner"]
[Black "Drazic, Sinisa"]
[WhiteElo "2137"]
[BlackElo "2486"]
[Result "0-1"]
[PlyCount "58"]
[EventDate "2011.05.21"]

1. d4 Nf6 2. c4 d6 3. Nc3 g6 4. e4 Bg7 5. h3 Na6 6. Bg5 h6 7. Be3 e5 8. d5 Nc5
9. Bd3 Nxd3+ 10. Qxd3 O-O 11. Nge2 Nh7 12. g4 f5 13. gxf5 gxf5 14. exf5 Bxf5
15. Qd2 Qh4 16. O-O-O Ng5 17. Ng3 Bg6 18. Qe2 Nf3 19. Nb1 h5 20. Nd2 Nd4 21.
Bxd4 exd4 22. Rdg1 Rae8 23. Qf1 Kh7 24. Qg2 Bh6 25. f3 Rg8 26. Qf1 Qf4 27. Qd1
Re3 28. Ne2 Qf5 29. Nxd4 Rc3+ 0-1

[Event "Open Alimini A"]
[Site "Otranto ITA"]
[Date "2011.05.22"]
[Round "2"]
[White "Ambrosanio, Raffaele"]
[Black "Zielinski, Werner"]
[WhiteElo "1956"]
[BlackElo "2137"]
[Result "0-1"]
[PlyCount "148"]
[EventDate "2011.05.21"]

1. c4 e5 2. Nc3 Bb4 3. Qb3 Bxc3 4. Qxc3 d6 5. d4 Nc6 6. d5 Nb8 7. Nf3 Ne7 8.
Bg5 f6 9. Bd2 a5 10. e4 O-O 11. Bd3 Nd7 12. O-O Nc5 13. Bc2 Bd7 14. Be3 b6 15.
Nd2 Ng6 16. a3 a4 17. Rae1 Qe8 18. Kh1 Ne7 19. f4 exf4 20. Bxf4 Ng6 21. Bg3 Ne5
22. Nf3 Nxf3 23. gxf3 b5 24. f4 bxc4 25. e5 fxe5 26. fxe5 Rxf1+ 27. Rxf1 Qh5
28. Qxc4 Bg4 29. Qc3 Re8 30. Kg1 Qg5 31. e6 Qxd5 32. Rf7 Nxe6 33. Rf2 Nc5 34.
Rf4 h5 35. Rd4 Qb7 36. Bf2 Qb5 37. Rd5 Qe2 38. Rg5 Re7 39. Bg6 Ne6 40. Ra5 Bf3
41. Bd3 Qd1+ 42. Bf1 Be2 43. Qe1 Qxe1 44. Bxe1 Bxf1 45. Kxf1 Nc5 46. Bb4 Nd3
47. Bc3 Nc5 48. Bd4 Rf7+ 49. Ke2 Rf5 50. Ra7 Ne6 51. Be3 Rb5 52. Bc1 Rc5 53.
Kd1 Rc4 54. Bd2 g5 55. Ra8+ Kf7 56. Bc3 Kg6 57. Rg8+ Kf5 58. Re8 Rh4 59. Ra8
Re4 60. Rh8 Kg4 61. h3+ Kxh3 62. Rxh5+ Kg2 63. Rh6 g4 64. Be1 Nf4 65. Rf6 Nd3
66. Bc3 Rf4 67. Re6 g3 68. Ke2 Nc5 69. Rg6 Re4+ 70. Kd1 Kf3 71. Be1 Rd4+ 72.
Kc2 Rg4 73. Rf6+ Ke2 74. Bb4 g2 0-1

[Event "Open Alimini A"]
[Site "Otranto ITA"]
[Date "2011.05.22"]
[Round "2"]
[White "Boffa, Mauro"]
[Black "Shytaj, Luca"]
[WhiteElo "2126"]
[BlackElo "2494"]
[Result "0-1"]
[PlyCount "92"]
[EventDate "2011.05.21"]

1. d4 Nf6 2. c4 e6 3. Nc3 d5 4. cxd5 exd5 5. Bg5 Be7 6. e3 Nbd7 7. Bd3 h6 8.
Bh4 O-O 9. Nge2 Re8 10. O-O Nf8 11. Qc2 c6 12. Rad1 Ng4 13. Bxe7 Qxe7 14. h3
Nf6 15. Ng3 Ne6 16. Nf5 Qd8 17. b4 Ng5 18. Ng3 Qe7 19. b5 Bd7 20. bxc6 Bxc6 21.
Qb3 Rad8 22. Rc1 Nge4 23. Ngxe4 dxe4 24. Bb5 Rd6 25. Na4 Bd5 26. Bc4 Red8 27.
Rc2 h5 28. Rfc1 h4 29. Bxd5 Nxd5 30. Rc8 Rxc8 31. Rxc8+ Kh7 32. Nc3 Nxc3 33.
Rxc3 b6 34. Qc2 Rg6 35. Rc6 Rg5 36. f4 Rg3 37. Qe2 g6 38. Rc1 Qd7 39. Kh1 Qd5
40. Qd2 Kg7 41. Kg1 g5 42. Qf2 Qf5 43. fxg5 Qxg5 44. Qf4 Rxg2+ 45. Kh1 Qxf4 46.
exf4 Rxa2 0-1

[Event "Open Alimini A"]
[Site "Otranto ITA"]
[Date "2011.05.22"]
[Round "2"]
[White "Brunello, Marina"]
[Black "O'Leary, Matt"]
[WhiteElo "2177"]
[BlackElo "2007"]
[Result "1-0"]
[PlyCount "67"]
[EventDate "2011.05.21"]

1. e4 c5 2. c3 Nc6 3. d4 cxd4 4. cxd4 e6 5. Nf3 Bb4+ 6. Nc3 Nf6 7. Bd3 d5 8.
exd5 Nxd5 9. Bd2 Nf6 10. O-O Nxd4 11. Nxd4 Qxd4 12. Be3 Qd6 13. Nb5 Qe7 14. a3
Bc5 15. Bxc5 Qxc5 16. Rc1 Qg5 17. Nc7+ Ke7 18. Nxa8 Bd7 19. f4 Qa5 20. Nc7 Qb6+
21. Kh1 Rc8 22. Nxe6 Rxc1 23. Qxc1 fxe6 24. Qc3 Bc6 25. f5 Qe3 26. fxe6 Qg5 27.
Rf2 Nd5 28. Qc5+ Kxe6 29. Bxh7 Qh5 30. Bg8+ Ke5 31. Rf1 Qe2 32. Rg1 Qxb2 33.
Bxd5 Bxd5 34. Re1+ 1-0

[Event "Open Alimini A"]
[Site "Otranto ITA"]
[Date "2011.05.22"]
[Round "2"]
[White "Bruno, Fabio"]
[Black "Antkowiak, Grzegorz"]
[WhiteElo "2459"]
[BlackElo "2211"]
[Result "1-0"]
[PlyCount "57"]
[EventDate "2011.05.21"]

1. Nf3 Nf6 2. c4 e6 3. e3 d5 4. b3 c5 5. Bb2 Nc6 6. d3 Be7 7. g3 O-O 8. Bg2 a6
9. O-O b5 10. Nbd2 Bb7 11. Qe2 Qc7 12. Rac1 Rfd8 13. a3 Rac8 14. cxd5 Nxd5 15.
Rc2 Qb8 16. Rfc1 h6 17. Ne4 Na5 18. Nfd2 Qa7 19. Qg4 g6 20. h4 Kh7 21. h5 Rg8
22. b4 cxb4 23. Rxc8 Bxc8 24. Rxc8 Rxc8 25. hxg6+ Kg8 26. gxf7+ Kxf7 27. axb4
Nc6 28. Bh3 Nd8 29. Nd6+ 1-0

[Event "Open Alimini A"]
[Site "Otranto ITA"]
[Date "2011.05.22"]
[Round "2"]
[White "Coimbra, Margarida"]
[Black "La Manna, Andrea"]
[WhiteElo "2110"]
[BlackElo "2199"]
[Result "1/2-1/2"]
[PlyCount "48"]
[EventDate "2011.05.21"]

1. e4 d5 2. exd5 Qxd5 3. Nc3 Qa5 4. d4 Nf6 5. Nf3 c6 6. Bc4 Bf5 7. Bd2 e6 8.
Qe2 Bb4 9. O-O-O Nbd7 10. a3 Bxc3 11. Bxc3 Qc7 12. Ne5 Nxe5 13. dxe5 Nd5 14.
Bd2 O-O-O 15. g4 Bg6 16. f4 h5 17. h3 hxg4 18. hxg4 Rxh1 19. Rxh1 Qb6 20. Bb3
Qd4 21. Rf1 Be4 22. Re1 Bg6 23. Rf1 Be4 24. Re1 Bg6 1/2-1/2

[Event "Open Alimini A"]
[Site "Otranto ITA"]
[Date "2011.05.22"]
[Round "2"]
[White "Conquest, Stuart C."]
[Black "Thorfinnsson, Bjorn"]
[WhiteElo "2532"]
[BlackElo "2415"]
[Result "1-0"]
[PlyCount "47"]
[EventDate "2011.05.21"]

1. e4 e5 2. Nf3 Nf6 3. Nc3 Nc6 4. Bb5 Nd4 5. O-O c6 6. Bc4 d5 7. exd5 cxd5 8.
Nxd5 Bg4 9. Qe1 Bxf3 10. Qxe5+ Be7 11. Nxe7 Ng4 12. Qxg7 Qd6 13. Qxh8+ Kxe7 14.
Qxh7 Ne5 15. d3 Qf6 16. Re1 Kd6 17. Qh6 Qxh6 18. Bxh6 Rg8 19. Bf4 Rxg2+ 20. Kf1
f6 21. c3 Nc2 22. d4 Rg4 23. dxe5+ Kc5 24. Bg3 1-0

[Event "Open Alimini A"]
[Site "Otranto ITA"]
[Date "2011.05.22"]
[Round "2"]
[White "Drazic, Sinisa"]
[Black "Adrian, Claude"]
[WhiteElo "2486"]
[BlackElo "2267"]
[Result "1-0"]
[PlyCount "41"]
[EventDate "2011.05.21"]

1. e4 e6 2. Qe2 c5 3. Nf3 Nc6 4. b3 Nge7 5. Bb2 d6 6. d4 cxd4 7. Nxd4 e5 8.
Nxc6 bxc6 9. Nc3 Ng6 10. g3 Be7 11. h4 h5 12. O-O-O Bg4 13. Qc4 Qb6 14. Be2 Be6
15. Qa4 O-O-O 16. Bc4 Nf8 17. f4 Nd7 18. Bxe6 fxe6 19. Qc4 Rh6 20. f5 exf5 21.
Nd5 1-0

[Event "Open Alimini A"]
[Site "Otranto ITA"]
[Date "2011.05.22"]
[Round "2"]
[White "Du Plessis, Heinco"]
[Black "Dvirnyy, Danyyil"]
[WhiteElo "2120"]
[BlackElo "2448"]
[Result "0-1"]
[PlyCount "82"]
[EventDate "2011.05.21"]

1. e4 e5 2. Nf3 Nc6 3. d4 exd4 4. Nxd4 Nge7 5. Nc3 g6 6. Be3 Bg7 7. Qd2 d6 8.
O-O-O h6 9. f4 Bg4 10. Re1 Bd7 11. h4 h5 12. Nf3 Bg4 13. Bc4 Qd7 14. Nd5 Bxf3
15. gxf3 Nxd5 16. exd5 Ne7 17. Bd4 O-O 18. Bxg7 Kxg7 19. Qd4+ Kh7 20. Bd3 Rae8
21. Qf6 Nxd5 22. Qg5 f5 23. a3 Qd8 24. Bc4 Qxg5 25. fxg5 Nf4 26. Kd2 d5 27. Bb3
b5 28. a4 a6 29. axb5 axb5 30. Rxe8 Rxe8 31. Re1 Rxe1 32. Kxe1 c5 33. Kf2 c4
34. Ba2 d4 35. Bb1 Kg7 36. Ke1 Kf7 37. c3 d3 38. Kd2 Ke6 39. Ba2 Kd5 40. Bb1
Ng2 41. b4 Nxh4 0-1

[Event "Open Alimini A"]
[Site "Otranto ITA"]
[Date "2011.05.22"]
[Round "2"]
[White "Kogan, Artur"]
[Black "Glek, Igor V."]
[WhiteElo "2556"]
[BlackElo "2424"]
[Result "1-0"]
[PlyCount "87"]
[EventDate "2011.05.21"]

1. d4 e6 2. c4 f5 3. g3 Nf6 4. Bg2 Bb4+ 5. Nd2 O-O 6. Nh3 d6 7. O-O Bxd2 8.
Bxd2 a5 9. Bc3 Ne4 10. Rc1 Qe7 11. Nf4 c6 12. Qb3 Nd7 13. Qa3 Ndf6 14. Be1 Re8
15. f3 Ng5 16. c5 d5 17. Nd3 Nf7 18. Bc3 Qc7 19. Bd2 Qe7 20. Bc3 Qc7 21. Qa4
Nd7 22. e4 b6 23. Rfe1 fxe4 24. fxe4 Ba6 25. exd5 exd5 26. cxb6 Nxb6 27. Qc2
Bxd3 28. Qxd3 Nc4 29. Rxe8+ Rxe8 30. b3 Ncd6 31. Qa6 Qb7 32. Qxb7 Nxb7 33. Bd2
Re2 34. Rc2 Re6 35. Bh3 Re4 36. Rxc6 Kf8 37. Rc8+ Nfd8 38. Bxa5 Nxa5 39. Rxd8+
Ke7 40. Rxd5 Nc6 41. Rd7+ Ke8 42. Rxg7 Nxd4 43. Bf1 Re1 44. Rxh7 1-0

[Event "Open Alimini A"]
[Site "Otranto ITA"]
[Date "2011.05.22"]
[Round "2"]
[White "Laketic, Gojko"]
[Black "Plachkinova, Tatjana"]
[WhiteElo "2442"]
[BlackElo "2137"]
[Result "1-0"]
[PlyCount "133"]
[EventDate "2011.05.21"]

1. Nf3 Nf6 2. g3 d5 3. Bg2 g6 4. d3 Bg7 5. Nbd2 O-O 6. e4 dxe4 7. dxe4 Nc6 8.
O-O e5 9. b3 Qe7 10. c3 Rd8 11. Qc2 b6 12. Re1 Ba6 13. Bf1 Bxf1 14. Nxf1 Qd7
15. Bg5 Qd3 16. Qxd3 Rxd3 17. Bxf6 Bxf6 18. Re3 Rad8 19. Kg2 Bg7 20. Rxd3 Rxd3
21. Rc1 Bh6 22. Rc2 Kf8 23. N3d2 Ke7 24. f3 b5 25. b4 a5 26. a3 axb4 27. axb4
f5 28. Kf2 Ke6 29. Ke2 Rd8 30. Ra2 Ne7 31. Nb3 fxe4 32. fxe4 c6 33. Nc5+ Kf6
34. Ra7 Bc1 35. Nd3 Bh6 36. Nxe5 Kxe5 37. Rxe7+ Kf6 38. Rc7 Ke5 39. Rxh7 Bc1
40. Re7+ Kf6 41. Rc7 Rd6 42. Ne3 Rd2+ 43. Ke1 Rd6 44. Ng4+ Kg5 45. Ne5 Re6 46.
h4+ Kh6 47. Ng4+ Kh5 48. Nf2 g5 49. hxg5 Kxg5 50. Ke2 Rh6 51. Rf7 Rd6 52. Nd3
Kg6 53. Rd7 Rxd7 54. Ne5+ Kf6 55. Nxd7+ Ke6 56. Nc5+ Kd6 57. Nd3 Bh6 58. Nc5
Bg7 59. Kd3 Be5 60. g4 Ke7 61. Nb3 Kd6 62. g5 Ke6 63. Nd4+ Kd7 64. g6 Bf6 65.
Nf5 Ke6 66. Nd4+ Kd6 67. g7 1-0

[Event "Open Alimini A"]
[Site "Otranto ITA"]
[Date "2011.05.22"]
[Round "2"]
[White "Lanzani, Giuliano"]
[Black "Bonanno, Alessandro"]
[WhiteElo "1970"]
[BlackElo "2142"]
[Result "1-0"]
[PlyCount "81"]
[EventDate "2011.05.21"]

1. d4 Nf6 2. c4 g6 3. Nc3 Bg7 4. e4 d6 5. Be2 O-O 6. Bg5 c5 7. d5 h6 8. Bf4 e6
9. dxe6 Bxe6 10. Bxd6 Re8 11. Nf3 Qb6 12. Bxb8 Raxb8 13. Qb3 Qc6 14. Qb5 Qc7
15. Nd2 a6 16. Qa4 Bd7 17. Qc2 b5 18. cxb5 axb5 19. a4 b4 20. Nb5 Qe5 21. f3
Nh5 22. Nc4 Qg5 23. g3 Bxb5 24. axb5 Rbd8 25. Qc1 Qe7 26. Ra6 Bd4 27. Qxh6 Bg7
28. Qc1 Rd4 29. O-O Qc7 30. Kg2 Kh7 31. Rc6 Qe7 32. Rd1 f5 33. Rxd4 Bxd4 34.
Bd3 Ng7 35. exf5 Nxf5 36. Bxf5 Qe2+ 37. Kh3 Qxf3 38. Bxg6+ Kg7 39. Qg5 Qf1+ 40.
Kh4 Bf6 41. Rxf6 1-0

[Event "Open Alimini A"]
[Site "Otranto ITA"]
[Date "2011.05.22"]
[Round "2"]
[White "Lanzani, Mario"]
[Black "Brunello, Sabino"]
[WhiteElo "2373"]
[BlackElo "2537"]
[Result "1/2-1/2"]
[PlyCount "111"]
[EventDate "2011.05.21"]

1. e4 c5 2. c3 d6 3. d4 Nf6 4. Bd3 g6 5. Nf3 Bg7 6. h3 O-O 7. O-O Qc7 8. Re1 e5
9. Nbd2 Nc6 10. dxc5 dxc5 11. Nf1 Rd8 12. Qc2 h6 13. Ne3 Be6 14. Bc4 Bxc4 15.
Nxc4 b5 16. Ne3 a6 17. b3 Rac8 18. Ng4 Nxg4 19. hxg4 Qd7 20. g5 h5 21. Bd2 c4
22. bxc4 Qe6 23. cxb5 Nd4 24. Nxd4 exd4 25. a4 dxc3 26. Be3 Rc4 27. Rab1 axb5
28. axb5 Rxe4 29. Kf1 Rh4 30. Kg1 Be5 31. f4 Rd2 32. Qe4 Rg4 33. Bxd2 cxd2 34.
Qxe5 dxe1=Q+ 35. Rxe1 Qa2 36. Re2 Qb1+ 37. Re1 Qc2 38. Qe8+ Kg7 39. Qe5+ Kh7
40. Re2 Qc1+ 41. Re1 Qc2 42. Qe2 Qc5+ 43. Qe3 Qxb5 44. Rf1 Qd5 45. Qf3 Qd4+ 46.
Qf2 Rxf4 47. Qxd4 Rxd4 48. Rxf7+ Kg8 49. Rf6 Kg7 50. Ra6 Rd5 51. Ra7+ Kf8 52.
Kh2 Rxg5 53. g3 Re5 54. Kh3 Re4 55. Rb7 Re7 56. g4 1/2-1/2